Retrouve le film #2 - Statistiques

Statistiques générales
  • Ce quiz a été pris 70 fois
  • Le résultat moyen est 6 sur 15
Statistiques - réponses
Hint Réponse % Correct
The Three Brothers Les Trois Frères
78%
Le Parrain Godfather
74%
Club de Combat Fight Club
69%
Maintenant l'Apocalypse Apocalypse Now
68%
Le Chevalier Noir The Dark Knight
63%
The First Name Le Prénom
62%
The Artist The Artist
52%
Fiction de Bas Etage Pulp Fiction
43%
Delusions of Grandeur La Folie Des Grandeurs
32%
À travers le Spider-Verse Across the Spider-Verse
31%
La Vie est Belle Life is Beautiful
22%
Les Affranchis Goodfellas
15%
Entre les Etoiles Interstellar
9%
Le Tombeau des lucioles Grave of the Fireflies
6%
Vol au-dessus d'un nid de coucou One Flew Over the Cuckoo's Nest
6%
Aucun quiz correspondant
Distribution des résultats
% des personnes avec chaque résultat
Percentile par nombre de réponses
Votre historique - résultats
Vous n’avez pas pris ce quiz